El nuevo espíritu científico
Guardat en:
| Autor principal: | |
|---|---|
| Format: | Llibre |
| Idioma: | espanyol |
| Publicat: |
Ciudad de México
Nueva Imagen
1985
|
| Edició: | 2a. ed |
| Matèries: | |
| Etiquetes: |
Afegir etiqueta
Sense etiquetes, Sigues el primer a etiquetar aquest registre!
|
MARC
| LEADER | 00000nam a2200000 a 4500 | ||
|---|---|---|---|
| 001 | UCV7522 | ||
| 003 | CL-VaPUC | ||
| 008 | 880620e19850000MX |||||||||||||||||spa|d | ||
| 082 | 0 | 4 | |a 121 |b BAC |2 21 |
| 100 | |a Bachelard, Gaston |e author |9 348800 | ||
| 245 | 1 | 3 | |a El nuevo espíritu científico |
| 250 | |a 2a. ed | ||
| 300 | |a 157 p | ||
| 942 | |c BK | ||
| 945 | |d 19880620 00:00:00 | ||
| 260 | |a Ciudad de México |b Nueva Imagen |c 1985 | ||
| 650 | 0 | |a Epistemología |9 264994 | |
| 650 | 0 | |a Filosofía de las ciencias |9 256466 | |
| 650 | 0 | |a Teoría del conocimiento |9 255038 | |
| 583 | |a last modification |c 19880620 00:00:00 |k Rodrigo Vera | ||
| 999 | |c 213182 |d 213180 | ||
| 952 | |0 0 |1 0 |4 0 |6 121_000000000000000_BAC_1985 |7 0 |8 P |9 195299 |a BIBARQ |b BIBARQ |d 2019-11-14 |i 263368K |o 121 BAC 1985 |p 263368K |r 2025-01-20 |w 2019-11-14 |y BK |k ARQ | ||